Ceramiche Graffite della Donazione Donini Baer (Record no. 342)
[ view plain ]
| 000 -CABECERA | |
|---|---|
| campo de control de longitud fija | 01119nam a2200253 a 4500 |
| 001 - NÚMERO DE CONTROL | |
| campo de control | BRCA_407 |
| 005 - FECHA Y HORA DE LA ÚLTIMA TRANSACCIÓN | |
| campo de control | 20190320203009.0 |
| 008 - DATOS DE LONGITUD FIJA--INFORMACIÓN GENERAL | |
| campo de control de longitud fija | 920219s1991 it-a---##b---#001-0#ita-# |
| 040 ## - FUENTE DE LA CATALOGACIÓN | |
| Centro catalogador/agencia de origen | DLC |
| Centro/agencia transcriptor | DLC |
| 050 #4 - SIGNATURA TOPOGRÁFICA DE LA BIBLIOTECA DEL CONGRESO | |
| Número de clasificación | NK4103 |
| Número de documento/Ítem | .N46 1991 |
| 100 1# - ENTRADA PRINCIPAL--NOMBRE DE PERSONA | |
| Nombre de persona | Nepoti, Sergio |
| 9 (RLIN) | 1382 |
| 245 10 - MENCIÓN DE TÍTULO | |
| Título | Ceramiche Graffite della Donazione Donini Baer |
| Mención de responsabilidad, etc. | Sergio Nepoti. |
| 260 ## - PUBLICACIÓN, DISTRIBUCIÓN, ETC. | |
| Lugar de publicación, distribución, etc. | Faenza, Ravenna |
| Nombre del editor, distribuidor, etc. | Litografie Artistiche Faentine : Comune di Faenza : Museo Internazionale delle Ceramiche in Faenza |
| Fecha de publicación, distribución, etc. | 1991 |
| 300 ## - DESCRIPCIÓN FÍSICA | |
| Extensión | 359 p. |
| Otras características físicas | il. (algunas a color) |
| Dimensiones | 25 cm. |
| 440 #0 - MENCIÓN DE SERIE/PUNTO DE ACCESO ADICIONAL--TÍTULO | |
| Título | Catalogo generale delle raccolte a cura di Gian Carlo Bojani |
| Designación de volumen o secuencia | 6 |
| 9 (RLIN) | 1383 |
| 504 ## - NOTA DE BIBLIOGRAFÍA, ETC. | |
| Nota de bibliografía, etc. | Bibliografía : p. 341-353 |
| 600 14 - PUNTO DE ACCESO ADICIONAL DE MATERIA--NOMBRE DE PERSONA | |
| Nombre de persona | Donini, Luigi |
| Fechas asociadas al nombre | 1864-1917 |
| Subdivisión de forma | Catálogos |
| Subdivisión general | Colecciones de arte |
| 9 (RLIN) | 1384 |
| 600 14 - PUNTO DE ACCESO ADICIONAL DE MATERIA--NOMBRE DE PERSONA | |
| Nombre de persona | Donini Baer, Maria Clotilde |
| Fechas asociadas al nombre | 1894-1970 |
| Subdivisión de forma | Catálogos |
| Subdivisión general | Colecciones de arte |
| 9 (RLIN) | 1385 |
| 610 24 - PUNTO DE ACCESO ADICIONAL DE MATERIA--NOMBRE DE ENTIDAD CORPORATIVA | |
| Nombre de entidad corporativa o nombre de jurisdicción como elemento de entrada | Museo Internazionale delle Ceramiche (Faenza, Italia) |
| Subdivisión de forma | Catálogos |
| 9 (RLIN) | 1386 |
| 650 14 - PUNTO DE ACCESO ADICIONAL DE MATERIA--TÉRMINO DE MATERIA | |
| Término de materia o nombre geográfico como elemento de entrada | Cerámica italiana |
| Subdivisión de forma | Catálogos |
| 9 (RLIN) | 1387 |
| 650 14 - PUNTO DE ACCESO ADICIONAL DE MATERIA--TÉRMINO DE MATERIA | |
| Término de materia o nombre geográfico como elemento de entrada | Cerámica, Renacimiento |
| Subdivisión de forma | Catálogos |
| Subdivisión geográfica | Italia |
| 9 (RLIN) | 1388 |
| 650 14 - PUNTO DE ACCESO ADICIONAL DE MATERIA--TÉRMINO DE MATERIA | |
| Término de materia o nombre geográfico como elemento de entrada | Decoración en grafito |
| Subdivisión de forma | Catálogos |
| Subdivisión geográfica | Italia |
| 9 (RLIN) | 1389 |
| 942 ## - ELEMENTOS DE PUNTO DE ACCESO ADICIONAL (KOHA) | |
| Fuente del sistema de clasificación o colocación | Library of Congress Classification |
| Tipo de ítem Koha | Libros |
| Estado de retiro | Estado de pérdida | Estado dañado | No para préstamo | Localización permanente | Ubicación/localización actual | Fecha de adquisición | Total de préstamos | Signatura topográfica completa | Código de barras | Fecha visto por última vez | Precio válido a partir de | Tipo de ítem Koha |
|---|---|---|---|---|---|---|---|---|---|---|---|---|
| El ejemplar forma parte de la colección y puede ser consultado según las políticas vigentes. | Biblioteca del Museo Franz Mayer (Rogerio Casas-Alatriste) | Biblioteca del Museo Franz Mayer (Rogerio Casas-Alatriste) | 25/06/2008 | NK4103 .N46 1991 | 00708 | 22/03/2019 | 22/03/2019 | Libros |